Рабочие процессы пневмоударного механизма перфоратора; Известия Томского политехнического университета [Известия ТПУ]; Т. 308, № 6

Detalhes bibliográficos
Parent link:Известия Томского политехнического университета [Известия ТПУ]/ Томский политехнический университет (ТПУ).— , 2000-
Т. 308, № 6.— 2005.— [С. 132-136]
Autor principal: Глазов А. Н. Алкон Наумович
Resumo:Заглавие с титульного листа
Электронная версия печатной публикации
Рассматриваются закономерности рабочих процессов и цикла работы ударного узла колонкового перфоратора по осциллограмме работы и по построенным графическим зависимостям: давление - объём газа, давление - удельный объём воздуха, показатели термодинамических процессов и относительного энергообмена по времени, полной внутренней энергии воздуха по пути поршня и по времени, удельной внутренней энергии воздуха по пути поршня.
Idioma:russo
Publicado em: 2005
Colecção:Технические науки
Assuntos:
Acesso em linha:http://www.lib.tpu.ru/fulltext/v/Bulletin_TPU/2005/v308/i6/30.pdf
Formato: MixedMaterials Recurso Electrónico Capítulo de Livro
KOHA link:https://koha.lib.tpu.ru/cgi-bin/koha/opac-detail.pl?biblionumber=170895

MARC

LEADER 00000nla2a2200000 4500
001 170895
005 20231031163842.0
035 |a (RuTPU)RU\TPU\book\185321 
035 |a RU\TPU\book\185320 
090 |a 170895 
100 |a 20091128d2005 k y0rusy50 ca 
101 0 |a rus 
102 |a RU 
135 |a drnn ---uucaa 
181 0 |a i  
182 0 |a b 
200 1 |a Рабочие процессы пневмоударного механизма перфоратора  |b Электронный ресурс  |f А. Н. Глазов 
203 |a Текст  |c электронный 
215 |a 1 файл (631 Кб) 
225 1 |a Технические науки 
230 |a Электронные текстовые данные (1 файл : 631 Кб) 
300 |a Заглавие с титульного листа 
300 |a Электронная версия печатной публикации 
320 |a [Библиогр.: с. 136 (3 назв.)] 
330 |a Рассматриваются закономерности рабочих процессов и цикла работы ударного узла колонкового перфоратора по осциллограмме работы и по построенным графическим зависимостям: давление - объём газа, давление - удельный объём воздуха, показатели термодинамических процессов и относительного энергообмена по времени, полной внутренней энергии воздуха по пути поршня и по времени, удельной внутренней энергии воздуха по пути поршня. 
337 |a Adobe Reader 
461 1 |0 (RuTPU)RU\TPU\book\176237  |t Известия Томского политехнического университета [Известия ТПУ]  |f Томский политехнический университет (ТПУ)  |d 2000- 
463 1 |0 (RuTPU)RU\TPU\book\185177  |t Т. 308, № 6  |v [С. 132-136]  |d 2005  |p 275 с. 
610 1 |a рабочие процессы 
610 1 |a пневмоударные механизмы 
610 1 |a ударные узлы 
610 1 |a колонковые перфораторы 
610 1 |a осциллограммы 
610 1 |a графические зависимости 
610 1 |a давление 
610 1 |a объем газа 
610 1 |a объем воздуха 
610 1 |a показатели 
610 1 |a термодинамические процессы 
610 1 |a энергообмен 
610 1 |a внутренняя энергия 
610 1 |a поршни 
610 1 |a удельная внутренняя энергия 
610 1 |a труды учёных ТПУ 
610 1 |a электронный ресурс 
700 1 |a Глазов  |b А. Н.  |c российский специалист в области горного машиностроения  |c доцент Томского политехнического университета, кандидат технических наук  |f 1941-  |g Алкон Наумович  |2 stltpush  |3 (RuTPU)RU\TPU\pers\25459 
801 1 |a RU  |b 63413507  |c 20090623  |g PSBO 
801 2 |a RU  |b 63413507  |c 20211013  |g PSBO 
856 4 |u http://www.lib.tpu.ru/fulltext/v/Bulletin_TPU/2005/v308/i6/30.pdf 
942 |c CF